000
00214 a2200097 4500
001
47534
100
_a
Hukelid K
245
_a
Skis against the atom
260
_a
London
_b
William kimber
_c
090
_c
30552
_d
30552
942
_a
NUST-CAE
_c
M
_c
22839
999
_c
282607
_d
282607